Responses for show #5481 - Monday, June 9, 2008

Donna Vogel game 3.

Contestants

Brielle Maynor, a stay-at-home mom from Miamisburg, Ohio

Traci Turnbaugh Siegel, an executive editor from Houston, Texas

Donna Vogel, a scientist from Bethesda, Maryland (whose 2-day cash winnings total $36,998)

Jeopardy! Round responses

WORLD HISTORY
FORGOTTEN MUSICALS
EAT YOUR VEGGIES
BOOKS OF THE '70s
OFFICIAL STATE THINGS
BEASTLY RHYME TIME
    $200 6
the bee

Donna
    $200 16
Venice

Traci
    $200 1
pimientos

Donna
    $200 10
Agatha Christie

Traci
    $200 12
Hawaii

Traci
    $200 21
toad road

Donna
    $400 7
Jason

Traci
    $400 19
Pride and Prejudice

Brielle
    $400 2
onions

Donna
    $600 11
(Traci: What is Indianapolis?)

Las Vegas

Traci
    $400 13
South Dakota

Traci
    $400 22
a Norse horse

Traci
    $600 8
Kim Il-sung

Brielle
    $600 20
Florence Henderson

Traci
    $600 3
cloves

Donna
    $600 15
(Brielle: What is War and Remembrance?)

Winds of War

Brielle
Triple Stumper
    $600 14
the saber-toothed tiger

Brielle
    $600 23
a bear chair

Donna
    $800 9
the Inquisition

Triple Stumper
    $800 29
A Doll's House

Donna
    $800 4
rhubarb

Donna
    $800 27
Sybil

Brielle
    $800 17
silver

Donna
    $800 24
(Alex: Sounds good, doesn't it? [*]!)
....
(Alex: I just wanted to say it.)

dingo lingo

Donna
    $1000 26
Padua

Triple Stumper
    $1000 30
Around the World in Eighty Days

Traci
    $1000 5
beans

Donna
    $1000 28
Sophie's Choice

Brielle
    $1000 18
the pelican

Brielle
    $1000 25
a clam jam

Traci

Scores at the first commercial break (after clue 14):

Donna Traci Brielle
$3,200 $600 $1,200

Scores at the end of the Jeopardy! Round:

Donna Traci Brielle
$6,400 $3,800 $3,800

Double Jeopardy! Round responses

AVIATION
HEY, JUDE LAW!
MATH
MUSEUMS
ALASKA
THE "LAST" FRONTIER
    $400 16
the Vietnam War

Brielle
    $400 26
Cold Mountain

Traci
    $400 5
four

Donna
    $400 1
Amsterdam

Traci
    $400 21
(Donna: What's the sun?)
(Brielle: What is the Northern Lights?)
...
[Traci called for the next clue before Alex could give the second possible response.]

the Big Dipper (or the North Star)

DonnaTraciBrielle
    $400 10
Custer's Last Stand

Donna
    $800 17
thrust

Brielle
    $800 27
(Brielle: Who is Jewel?)

Ashlee Simpson

TraciBrielle
    $800 6
the base

Donna
    $800 2
(Traci: Who is Will Rogers?)

Gene Autry

TraciBrielle
    $800 22
King of the Hill

Traci
    $800 11
(Donna: What is The Last Vampire?)

I Know What You Did Last Summer

DonnaTraci
    $1200 18
birch

Donna
    $5,000 28
All the King's Men

Traci
    $1200 7
4/45

Donna
    $1200 3
Giza

Brielle
    $1200 23
1959

Donna
    $1200 12
last quarter

Donna
    $1600 19
Lester Pearson

Donna
    $1600 8
non-Euclidean

Donna
    $1600 4
the doges

Donna
    $1600 24
forests

Brielle
    $1600 13
"good to the last drop"

Traci
    $2000 20
fly by night

Triple Stumper
    $2000 9
congruent

Donna
    $3,200 15
Leakey

Brielle
    $2000 25
Prudhoe Bay

Traci
    $2000 14
(Traci: What is The Last Supper?)

The Last Judgment

TraciBrielle

Scores at the end of the Double Jeopardy! Round:

Donna Traci Brielle
$18,400 $13,200 $12,600

[wagering suggestions for these scores]

Final Jeopardy! Round responses

THE INTERNET
BrielleWhat is Afghanistan?
$12,600
TraciWhat is Afghanistan?
$12,001
DonnaWhat is Afghanistan?
$8,001
Afghanistan

Final scores:

Donna Traci Brielle
$26,401 $25,201 $25,200
3-day champion: $63,399 2nd place: $2,000 3rd place: $1,000

Game dynamics:

Coryat scores:

Donna Traci Brielle
$18,400 $10,000 $11,400
22 R,
2 W
18 R
(including 1 DD),
3 W
(including 1 DD)
13 R
(including 1 DD),
3 W

Combined Coryat: $39,800

The J! Archive is created by fans, for fans. The Jeopardy! game show and all elements thereof, including but not limited to copyright and trademark thereto, are the property of Jeopardy Productions, Inc. and are protected under law. This website is not affiliated with, sponsored by, or operated by Jeopardy Productions, Inc. Join the discussion at JBoard.tv.